Представление документа в формате RUSMARC

ПолеНазваниеЗначение
  Тип записи a
  Библиографический уровень m
001 Контрольный номер a0dddcc9e4e74878bac656c3497c9b57
005 Дата корректировки 20191210104519.0
010 Индекс ISBN __
a ISBN 978-5-394-03433-6
100 Данные общей обработки __
a Данные общей обработки 19020122 |||y0 y0189 ca
101 Язык документа 0_
a Язык текста rus
200 Заглавие и сведения об ответственности 0_
a Заглавие Микроэкономика
e Сведения, относящиеся к заглавию учеб. пособие для бакалавров
b Общее обозначение материала Текст
f Первые сведения об ответственности О. Н. Коротун, И. С. Кошель, М. А. Новичкова
205 Сведения об издании __
a Основные сведения об издании 2-е изд., стер.
210 Выходные данные 1_
a Место издания Москва
c Издательство Дашков и К
d Дата издания 2018
215 Физическое описание __
a Объем 66 с.
225 Серия 2_
a Серия Учебные издания для бакалавров
300 Общие примечания __
a Общие примечания Глоссарий: с.63-64
320 Библиография __
a Библиография Литер.: с. 64
330 Аннотация __
a Аннотация В учебном пособии дается изложение дисциплины «Микроэкономика» в сжатом виде с помощью тезисов, графиков и рисунков. Для студентов бакалавриата, обучающихся по направлениям подготовки «Менеджмент», «Экономика», «Управление персоналом».
606 Тематические рубрики __
a Основная рубрика Общая экономическая теория
x Основная подрубрика Микроэкономика
610 Ключевые слова 0_
a Ключевые слова Микроэкономика
a Ключевые слова ценовая эластичность
a Ключевые слова общественные блага
a Ключевые слова Спрос
a Ключевые слова Предложение
a Ключевые слова теории производства
a Ключевые слова Совершенная конкуренция
a Ключевые слова Несовершенная конкуренция
a Ключевые слова Монополистическая конкуренция
a Ключевые слова Олигополия
a Ключевые слова Монополия
a Ключевые слова теория внешних эффектов
a Ключевые слова издержки
686 Индексы других классификаций __
a Классификационный индекс 65.01я73
700 Автор _1
a Фамилия Коротун
b Имя О. Н.
g Полное личное имя Ольга Николаевна
701 Альтернативная интеллектуальная ответственность _1
a Фамилия Кошель
b Имя И. С.
e Роль лиц Автор
4 Код отношения 070
701 Альтернативная интеллектуальная ответственность _1
a Фамилия Новичкова
b Имя М. А.
e Роль лиц Автор
4 Код отношения 070
801 Источник записи _1
c Дата составления 20191210
852 Данные о местонахождении __
j Шифр хранения ББК 65.01
i Авторский знак К 68
901 Тип документа __
t Тип документа m
937 Технологическая информация __
a Создатель записи (имя) Мясникова
938 Служебная информация __
a Название организации Головной вуз
952 Тип литературы __
c Вид литературы учебное пособие